[Event "WJCC U20 Open 2019"]
[Site "New Delhi"]
[Date "2019.10.19"]
[Round "6.42"]
[White "Raahul V S"]
[Black "Mohd Saprin, Amir Ghaazi"]
[Result "1-0"]
[WhiteElo "2262"]
[BlackElo "1942"]
[Annotator "NA"]
[PlyCount "123"]
[EventDate "2019.10.15"]
[EventType "swiss"]
[EventCountry "IND"]
[SourceTitle "playchess.com"]
[Source "ChessBase"]
[SourceQuality "1"]
[TimeControl "40/5400+30:1800+30"]

1. c4 {[%emt 0:00:00]} c5 {[%emt 0:00:00]} 2. Nf3 {[%emt 0:00:00]} Nf6 {[%emt 0:00:03]} 3. Nc3 {[%emt 0:00:00]} Nc6 {[%emt 0:00:06]} 4. d4 {[%emt 0:00:00]} cxd4 {[%emt 0:00:08]} 5. Nxd4 {[%emt 0:00:04]} Qb6 {[%emt 0:00:22]} 6. e3 {[%emt 0:02:51]} e6 {[%emt 0:08:22]} 7. Ndb5 {[%emt 0:01:50]} Ne5 {[%emt 0:04:29]} 8. Qd4 {[%emt 0:01:19]} Qxd4 {[%emt 0:19:09]} 9. exd4 {[%emt 0:00:02]} Nc6 {[%emt 0:00:18]} 10. Nc7+ {[%emt 0:00:05]} Kd8 {[%emt 0:00:06]} 11. Nxa8 {[%emt 0:00:04]} Nxd4 {[%emt 0:02:32]} 12. Bd3 {[%emt 0:00:04]} b6 {[%emt 0:04:03]} 13. Be3 {[%emt 0:00:07]} e5 {[%emt 0:01:11]} 14. Bxd4 {[%emt 0:05:49]} exd4 {[%emt 0:00:14]} 15. Nb5 {[%emt 0:00:02]} Bb4+ {[%emt 0:01:25]} 16. Kf1 {[%emt 0:00:37]} Bb7 {[%emt 0:00:24]} 17. a3 {[%emt 0:00:34]} Be7 {[%emt 0:03:42]} 18. Nxb6 {[%emt 0:01:05]} axb6 {[%emt 0:00:08]} 19. Nxd4 {[%emt 0:00:05]} Nh5 {[%emt 0:01:21]} 20. Be2 {[%emt 0:02:34]} Nf4 {[%emt 0:00:55]} 21. Bf3 {[%emt 0:00:10]} Ba6 {[%emt 0:00:11]} 22. b3 {[%emt 0:00:19]} Bc5 {[%emt 0:06:06]} 23. Nc2 {[%emt 0:00:24]} Re8 {[%emt 0:17:59]} 24. Nb4 {[%emt 0:02:35]} Bc8 {[%emt 0:00:56]} 25. g3 {[%emt 0:00:08]} Nh3 {[%emt 0:03:49]} 26. Nd3 {[%emt 0:00:10]} Bd4 {[%emt 0:06:30]} 27. Re1 {[%emt 0:01:18]} Rf8 {[%emt 0:01:07]} 28. Kg2 {[%emt 0:00:35]} d6 {[%emt 0:01:02]} 29. Nb4 {[%emt 0:00:41]} Bd7 {[%emt 0:03:37]} 30. Nc6+ {[%emt 0:01:43]} Bxc6 {[%emt 0:00:19]} 31. Bxc6 {[%emt 0:00:02]} Nxf2 {[%emt 0:00:29]} 32. Rhf1 {[%emt 0:00:04]} Ng4 {[%emt 0:01:54]} 33. Rf4 {[%emt 0:00:04]} Bc3 {[%emt 0:00:40]} 34. Re2 {[%emt 0:02:03]} Ne5 {[%emt 0:01:29]} 35. Be4 {[%emt 0:00:48]} h6 {[%emt 0:01:38]} 36. Rc2 {[%emt 0:00:47]} Bd4 {[%emt 0:01:39]} 37. Bd5 {[%emt 0:01:00]} Be3 {[%emt 0:00:59]} 38. Re4 {[%emt 0:00:02]} Bg5 {[%emt 0:00:19]} 39. h4 {[%emt 0:02:20]} Be7 {[%emt 0:00:23]} 40. c5 {[%emt 0:01:50]} bxc5 {[%emt 0:01:33]} 41. Ra4 {[%emt 0:30:01]} Nd7 {[%emt 0:29:45]} 42. Ra8+ {[%emt 0:00:00]} Kc7 {[%emt 0:00:10]} 43. Ra7+ {[%emt 0:00:00]} Kc8 {[%emt 0:01:33]} 44. b4 {[%emt 0:00:00]} Bd8 {[%emt 0:03:43]} 45. bxc5 {[%emt 0:00:00]} Nxc5 {[%emt 0:00:08]} 46. Rb2 {[%emt 0:00:00]} Re8 {[%emt 0:01:04]} 47. a4 {[%emt 0:00:00]} Re3 {[%emt 0:01:12]} 48. a5 {[%emt 0:00:00]} Bf6 {[%emt 0:00:46]} 49. Rb6 {[%emt 0:00:00]} Be5 {[%emt 0:00:48]} 50. Rc6+ {[%emt 0:00:00]} Kd8 {[%emt 0:00:29]} 51. Bf3 {[%emt 0:00:00]} g5 {[%emt 0:00:39]} 52. Rb6 {[%emt 0:00:00]} d5 {[%emt 0:02:45]} 53. Rxf7 {[%emt 0:00:00]} g4 {[%emt 0:00:33]} 54. Bxd5 {[%emt 0:00:00]} Rxg3+ {[%emt 0:00:21]} 55. Kf1 {[%emt 0:00:00]} Ra3 {[%emt 0:01:16]} 56. Rg6 {[%emt 0:00:00]} Nd7 {[%emt 0:00:36]} 57. Rg8+ {[%emt 0:00:00]} Kc7 {[%emt 0:00:21]} 58. Be6 {[%emt 0:00:00]} Rf3+ {[%emt 0:00:35]} 59. Rxf3 {[%emt 0:00:00]} gxf3 {[%emt 0:00:09]} 60. Bxd7 {[%emt 0:00:00]} Kxd7 {[%emt 0:00:11]} 61. a6 {[%emt 0:00:00]} Bd4 {[%emt 0:01:03]} 62. a7 {[%emt 0:00:00]} 1-0

[Event "WJCC U20 Open 2019"]
[Site "New Delhi"]
[Date "2019.10.19"]
[Round "6.43"]
[White "Doluweera, Minul Sanjula"]
[Black "Davis, Holden"]
[Result "1/2-1/2"]
[WhiteElo "2191"]
[BlackElo "1817"]
[Annotator "NA"]
[PlyCount "102"]
[EventDate "2019.10.15"]
[EventType "swiss"]
[EventCountry "IND"]
[SourceTitle "playchess.com"]
[Source "ChessBase"]
[SourceQuality "1"]
[TimeControl "40/5400+30:1800+30"]

1. d4 {[%emt 0:00:00]} e6 {[%emt 0:00:00]} 2. c4 {[%emt 0:00:25]} f5 {[%emt 0:00:08]} 3. Nc3 {[%emt 0:00:06]} Nf6 {[%emt 0:00:06]} 4. Qc2 {[%emt 0:00:00]} b6 {[%emt 0:01:38]} 5. e3 {[%emt 0:02:34]} Bb7 {[%emt 0:00:24]} 6. f3 {[%emt 0:00:15]} Bb4 {[%emt 0:14:39]} 7. Bd3 {[%emt 0:02:58]} O-O {[%emt 0:01:07]} 8. Bd2 {[%emt 0:00:44]} c5 {[%emt 0:04:52]} 9. Nge2 {[%emt 0:10:16]} Nc6 {[%emt 0:05:28]} 10. a3 {[%emt 0:21:31]} cxd4 {[%emt 0:10:00]} 11. exd4 {[%emt 0:04:12]} Bd6 {[%emt 0:04:29]} 12. b4 {[%emt 0:20:37]} Rc8 {[%emt 0:06:37]} 13. c5 {[%emt 0:02:09]} Bb8 {[%emt 0:03:40]} 14. Be3 {[%emt 0:03:10]} Ne7 {[%emt 0:02:43]} 15. Qd2 {[%emt 0:06:06]} Ned5 {[%emt 0:05:27]} 16. Nxd5 {[%emt 0:00:03]} Nxd5 {[%emt 0:00:09]} 17. Nc3 {[%emt 0:02:28]} Nxe3 {[%emt 0:02:32]} 18. Qxe3 {[%emt 0:00:01]} bxc5 {[%emt 0:01:33]} 19. bxc5 {[%emt 0:01:45]} e5 {[%emt 0:06:36]} 20. O-O {[%emt 0:05:45]} exd4 {[%emt 0:02:23]} 21. Qxd4 {[%emt 0:00:01]} Qc7 {[%emt 0:00:50]} 22. Ne2 {[%emt 0:02:49]} Qxh2+ {[%emt 0:00:43]} 23. Kf2 {[%emt 0:00:00]} Be5 {[%emt 0:06:06]} 24. Qc4+ {[%emt 0:05:13]} d5 {[%emt 0:00:09]} 25. Qb4 {[%emt 0:00:01]} Bxa1 26. Rxa1 Bc6 {[%emt 0:04:09]} 27. Nd4 {[%emt 0:02:29]} Bd7 {[%emt 0:07:19]} 28. Ba6 {[%emt 0:01:33]} Rb8 {[%emt 0:00:40]} 29. Qd2 {[%emt 0:00:06]} f4 {[%emt 0:00:51]} 30. c6 {[%emt 0:02:34]} Bh3 {[%emt 0:00:49]} 31. Bf1 {[%emt 0:00:02]} Qg3+ {[%emt 0:00:26]} 32. Kg1 {[%emt 0:00:13]} Rbe8 {[%emt 0:03:30]} 33. Rc1 {[%emt 0:00:55]} Rf6 {[%emt 0:01:18]} 34. c7 {[%emt 0:02:02]} Bc8 {[%emt 0:00:04]} 35. Qa5 {[%emt 0:01:36]} Qg5 {[%emt 0:01:35]} 36. Rc5 {[%emt 0:00:16]} Qe5 {[%emt 0:00:12]} 37. Nc2 {[%emt 0:01:02]} Qd6 {[%emt 0:02:05]} 38. Nd4 {[%emt 0:02:22]} Qe7 {[%emt 0:02:10]} 39. Nc2 {[%emt 0:00:17]} d4 {[%emt 0:00:36]} 40. Qxa7 {[%emt 0:00:46]} Rd6 {[%emt 0:00:25]} 41. Bc4+ {[%emt 0:03:14]} Kh8 {[%emt 0:00:39]} 42. Bd3 {[%emt 0:00:01]} Re6 {[%emt 0:07:20]} 43. Rh5 {[%emt 0:04:58]} g6 {[%emt 0:01:14]} 44. Qxd4+ {[%emt 0:01:48]} Qg7 {[%emt 0:01:53]} 45. Rd5 {[%emt 0:01:36]} Qxd4+ {[%emt 0:06:26]} 46. Nxd4 {[%emt 0:00:02]} R6e7 {[%emt 0:00:28]} 47. Rd8 {[%emt 0:09:38]} Kg7 {[%emt 0:01:15]} 48. Nc6 {[%emt 0:00:32]} Rxc7 {[%emt 0:07:18]} 49. Rxe8 {[%emt 0:00:24]} Rxc6 {[%emt 0:00:07]} 50. Bb5 {[%emt 0:01:26]} Rc1+ {[%emt 0:01:12]} 51. Kh2 {[%emt 0:01:15]} h5 {[%emt 0:02:48]} 1/2-1/2

[Event "WJCC U20 Open 2019"]
[Site "New Delhi"]
[Date "2019.10.19"]
[Round "6.44"]
[White "Aravena Navarro, Alexis Andres"]
[Black "Dahanayake, Isara Banidu"]
[Result "1/2-1/2"]
[WhiteElo "2023"]
[BlackElo "1771"]
[Annotator "NA"]
[PlyCount "54"]
[EventDate "2019.10.15"]
[EventType "swiss"]
[EventCountry "IND"]
[SourceTitle "playchess.com"]
[Source "ChessBase"]
[SourceQuality "1"]
[TimeControl "40/5400+30:1800+30"]

1. e4 {[%emt 0:00:00]} c5 {[%emt 0:00:00]} 2. Nf3 {[%emt 0:00:00]} d6 {[%emt 0:00:07]} 3. d4 {[%emt 0:00:00]} cxd4 {[%emt 0:00:31]} 4. Nxd4 {[%emt 0:00:00]} Nf6 {[%emt 0:00:13]} 5. f3 {[%emt 0:00:00]} e5 {[%emt 0:03:09]} 6. Bb5+ {[%emt 0:01:12]} Bd7 {[%emt 0:23:01]} 7. Bxd7+ {[%emt 0:00:25]} Nbxd7 {[%emt 0:15:59]} 8. Nf5 {[%emt 0:02:41]} Qc7 {[%emt 0:04:43]} 9. Nc3 {[%emt 0:04:44]} h6 {[%emt 0:03:26]} 10. O-O {[%emt 0:06:03]} a6 {[%emt 0:02:46]} 11. Be3 {[%emt 0:08:46]} g6 {[%emt 0:07:14]} 12. Ng3 {[%emt 0:02:01]} Nb6 {[%emt 0:05:41]} 13. Qd3 {[%emt 0:21:32]} Nc4 {[%emt 0:04:39]} 14. Rab1 {[%emt 0:03:01]} Rc8 {[%emt 0:11:36]} 15. Nge2 {[%emt 0:13:49]} Nxe3 {[%emt 0:03:34]} 16. Qxe3 {[%emt 0:00:02]} d5 {[%emt 0:01:13]} 17. Qd2 {[%emt 0:18:02]} d4 {[%emt 0:03:23]} 18. Nd1 {[%emt 0:07:34]} Qxc2 {[%emt 0:00:41]} 19. Qxc2 {[%emt 0:00:01]} Rxc2 {[%emt 0:00:02]} 20. Nc1 {[%emt 0:00:18]} Bd6 {[%emt 0:02:12]} 21. Nd3 {[%emt 0:00:02]} Nd7 {[%emt 0:03:29]} 22. N1f2 {[%emt 0:00:20]} O-O {[%emt 0:01:13]} 23. g3 {[%emt 0:00:37]} Rfc8 {[%emt 0:01:35]} 24. f4 {[%emt 0:00:51]} f6 {[%emt 0:00:52]} 25. Ng4 {[%emt 0:01:58]} Rd2 {[%emt 0:00:31]} 26. fxe5 {[%emt 0:00:46]} Bxe5 {[%emt 0:00:33]} 27. Ndxe5 {[%emt 0:00:44]} fxe5 {[%emt 0:00:23]} 1/2-1/2

[Event "WJCC U20 Open 2019"]
[Site "New Delhi"]
[Date "2019.10.19"]
[Round "6.45"]
[White "Swarnavo Choudhury"]
[Black "Lama, Milan"]
[Result "1/2-1/2"]
[WhiteElo "1797"]
[BlackElo "1976"]
[Annotator "NA"]
[PlyCount "116"]
[EventDate "2019.10.15"]
[EventType "swiss"]
[EventCountry "IND"]
[SourceTitle "playchess.com"]
[Source "ChessBase"]
[SourceQuality "1"]
[TimeControl "40/5400+30:1800+30"]

1. e4 {[%emt 0:00:00]} c5 {[%emt 0:00:00]} 2. Nf3 {[%emt 0:00:00]} g6 {[%emt 0:00:00]} 3. d4 {[%emt 0:00:00]} cxd4 {[%emt 0:00:00]} 4. Nxd4 {[%emt 0:00:00]} Bg7 {[%emt 0:00:00]} 5. c4 {[%emt 0:00:33]} Nc6 {[%emt 0:00:00]} 6. Be3 {[%emt 0:01:57]} Nf6 {[%emt 0:00:07]} 7. Nc3 {[%emt 0:00:07]} d6 {[%emt 0:00:10]} 8. Be2 {[%emt 0:00:24]} O-O {[%emt 0:00:14]} 9. f3 {[%emt 0:01:03]} Bd7 {[%emt 0:00:49]} 10. Qd2 {[%emt 0:01:30]} a5 {[%emt 0:01:20]} 11. O-O-O {[%emt 0:03:15]} a4 {[%emt 0:04:17]} 12. g4 {[%emt 0:01:14]} Nxd4 {[%emt 0:02:28]} 13. Bxd4 {[%emt 0:01:21]} Qa5 {[%emt 0:12:49]} 14. h4 {[%emt 0:02:03]} h5 {[%emt 0:15:05]} 15. Kb1 {[%emt 0:07:41]} Be6 {[%emt 0:08:31]} 16. Nd5 {[%emt 0:05:33]} Bxd5 {[%emt 0:01:07]} 17. cxd5 {[%emt 0:06:00]} Qxd2 {[%emt 0:00:54]} 18. Rxd2 {[%emt 0:00:05]} hxg4 {[%emt 0:00:44]} 19. Bxf6 {[%emt 0:00:24]} Bxf6 {[%emt 0:00:13]} 20. fxg4 {[%emt 0:00:07]} Rac8 {[%emt 0:02:38]} 21. Bb5 {[%emt 0:06:38]} a3 {[%emt 0:00:32]} 22. bxa3 {[%emt 0:00:55]} Rc3 {[%emt 0:00:15]} 23. a4 {[%emt 0:02:32]} Kg7 {[%emt 0:01:21]} 24. h5 {[%emt 0:02:07]} Rg3 {[%emt 0:10:28]} 25. hxg6 {[%emt 0:00:11]} Kxg6 {[%emt 0:00:33]} 26. Bd7 {[%emt 0:01:22]} b6 {[%emt 0:05:47]} 27. Rdh2 {[%emt 0:03:55]} Rf3 {[%emt 0:06:39]} 28. Rh5 {[%emt 0:03:17]} Bg5 {[%emt 0:04:37]} 29. Rh8 {[%emt 0:10:17]} Rxh8 {[%emt 0:00:07]} 30. Rxh8 {[%emt 0:00:09]} Rf2 {[%emt 0:03:20]} 31. Rh3 {[%emt 0:05:04]} Bf6 {[%emt 0:06:03]} 32. Rb3 {[%emt 0:00:44]} Bd4 {[%emt 0:00:29]} 33. Rb4 {[%emt 0:01:29]} Bc5 {[%emt 0:00:51]} 34. Rb5 {[%emt 0:00:05]} Kf6 {[%emt 0:00:20]} 35. a5 {[%emt 0:00:57]} bxa5 {[%emt 0:00:05]} 36. Rxa5 {[%emt 0:00:10]} Ke5 {[%emt 0:00:24]} 37. Ra4 {[%emt 0:00:29]} Bd4 {[%emt 0:00:29]} 38. Bf5 {[%emt 0:00:10]} Rb2+ {[%emt 0:02:50]} 39. Kc1 {[%emt 0:02:05]} Rg2 {[%emt 0:00:10]} 40. Kb1 {[%emt 0:02:48]} Rd2 {[%emt 0:05:44]} 41. Ra8 {[%emt 0:30:59]} Kf4 {[%emt 0:33:33]} 42. a4 {[%emt 0:03:28]} Ke3 {[%emt 0:04:09]} 43. Rb8 {[%emt 0:03:55]} Kd3 {[%emt 0:00:00]} 44. e5+ {[%emt 0:00:00]} Kc3 {[%emt 0:00:00]} 45. Rc8+ {[%emt 0:00:00]} Bc5 {[%emt 0:00:00]} 46. exd6 {[%emt 0:00:00]} exd6 {[%emt 0:00:00]} 47. Rb8 {[%emt 0:00:00]} Rd4 {[%emt 0:00:00]} 48. Bd7 {[%emt 0:00:00]} Bb4 {[%emt 0:00:00]} 49. Rf8 {[%emt 0:03:22]} Kb3 {[%emt 0:00:00]} 50. Rc8 {[%emt 0:00:29]} Bc5 {[%emt 0:00:00]} 51. Rb8+ {[%emt 0:01:00]} Kc3 {[%emt 0:00:00]} 52. a5 {[%emt 0:01:31]} Rxd5 {[%emt 0:00:00]} 53. a6 {[%emt 0:01:02]} Bd4 {[%emt 0:00:00]} 54. Rb5 {[%emt 0:00:59]} Bc5 {[%emt 0:03:07]} 55. Rb7 {[%emt 0:00:20]} Bd4 {[%emt 0:01:29]} 56. Rb5 {[%emt 0:00:09]} Rxb5+ {[%emt 0:01:27]} 57. Bxb5 {[%emt 0:00:06]} f6 {[%emt 0:01:01]} 58. Kc1 {[%emt 0:00:10]} Ba7 {[%emt 0:00:41]} 1/2-1/2

[Event "WJCC U20 Open 2019"]
[Site "New Delhi"]
[Date "2019.10.21"]
[Round "7.1"]
[White "Shtembuliak, Evgeny"]
[Black "Hakobyan, Aram"]
[Result "1-0"]
[WhiteElo "2577"]
[BlackElo "2561"]
[Annotator "TA"]
[PlyCount "105"]
[EventDate "2019.10.15"]
[EventType "swiss"]
[EventCountry "IND"]
[SourceTitle "playchess.com"]
[Source "ChessBase"]
[SourceQuality "1"]

{[%evp 15,105,14,17,19,18,14,16,8,20,11,23,-16,-13,-13,-9,-11,-10,-24,-10,-20,-13,-19,0,0,0,-16,22,19,13,17,58,50,66,55,59,47,82,89,153,154,153,132,151,149,145,159,168,114,141,100,100,100,88,83,207,210,200,149,370,380,360,360,353,341,368,367,445,443,436,416,653,634,618,612,595,568,647,358,741,712,723,710,695,686,672,660,29977,29978,29977,29977,29977,29978]} 1. g3 d5 2. Nf3 g6 3. Bg2 Bg7 4. O-O e5 5. d3 Ne7 6. e4 Nbc6 7. Nc3 O-O 8. exd5 Nxd5 9. Nxd5 {A07: Réti Opening: New York and Capablanca Systems} (9. Re1 Nde7 10. a4 h6 11. a5 a6 12. Be3 Re8 13. Qd2 Nf5 14. Bc5 Rb8 15. Ne4 b6 16. axb6 cxb6 17. Ba3 {½-½ (41) Vachier Lagrave,M (2768)-Topalov,V (2772) Saint Louis 2014}) 9... Qxd5 10. Re1 Qd8 11. Bg5 $146 {The position is equal.} ({Predecessor:} 11. Bd2 Re8 12. Bc3 Nd4 13. Nxd4 exd4 14. Rxe8+ Qxe8 15. Bd2 Be6 16. b3 c6 {1-0 (48) Villasenor Rubio,E (2224)-Valdepenas Octavio,J (2123) Alicante 2019}) 11... f6 12. Bd2 Bg4 13. h3 Be6 14. Bc3 Bd5 15. b4 Qd7 16. b5 Nd8 17. a4 Re8 18. Bb2 Nf7 19. h4 Rad8 20. Qe2 Bf8 21. c4 Be6 22. d4 $1 Bb4 23. Red1 {[%cal Rd4e5]} e4 {Hoping for ...Bg4.} 24. Nh2 $1 {Strongly threatening d5.} Bh3 25. c5 Bxg2 26. Kxg2 {aiming for Ng4.} h5 {[#]} (26... f5 $142) 27. Nf1 $1 $16 Nh6 28. Qc4+ Qd5 {[#]} 29. Qxd5+ $1 ({Reject} 29. Qxb4 $6 e3+ 30. f3 e2 $11) 29... Rxd5 30. Ne3 Rd7 31. a5 $36 {[%mdl 2048] Black must now prevent Ra4. White is really pushing.} Red8 32. Ra4 Bxc5 33. dxc5 Rxd1 34. Bxf6 R8d3 (34... Nf5 $16 35. Bxd8 (35. Nxd1 Rxd1 36. Rxe4 Kf7 $16) 35... Nxe3+ 36. fxe3 Rd2+ 37. Kf1 Rxd8) 35. Nxd1 $18 Rxd1 36. Rxe4 {[%mdl 4096] Endgame KRB-KRN} Rd5 $2 (36... Kf7 $16) 37. Bg5 Nf5 38. Re8+ Kf7 39. Rb8 Rxc5 40. Rxb7 Nd6 41. Rxa7 Nxb5 42. Ra8 Nd6 (42... Rc3 $142 43. a6 Ra3) 43. Be3 Rc2 44. a6 {[%cal Ba5a6,Ba6a7][%mdl 32]} Nf5 45. Bf4 c5 46. Kf3 c4 $2 (46... Ra2 47. Be3 c4) 47. a7 {Rf8+! is the strong threat.} Ra2 48. Ke4 c3 49. Kd3 c2 50. Kc3 Nd4 51. Kxd4 {White mates.} Ra4+ 52. Kd3 Rxf4 53. Kxc2 {[%mdl 64] Decoy. Accuracy: White = 83%, Black = 36%.} ({And not} 53. gxf4 c1=Q $11) 1-0

[Event "WJCC U20 Open 2019"]
[Site "New Delhi"]
[Date "2019.10.21"]
[Round "7.2"]
[White "Costachi, Mihnea"]
[Black "Karthikeyan, Murali"]
[Result "1/2-1/2"]
[WhiteElo "2463"]
[BlackElo "2617"]
[Annotator "TA"]
[PlyCount "60"]
[EventDate "2019.10.15"]
[EventType "swiss"]
[EventCountry "IND"]
[SourceTitle "playchess.com"]
[Source "ChessBase"]
[SourceQuality "1"]

{[%evp 11,60,18,26,20,15,17,25,18,37,6,57,5,4,12,59,56,68,66,62,59,70,59,71,26,30,25,25,0,8,0,0,0,8,7,20,0,2,0,0,0,0,0,13,0,0,0,0,0,0,-4,0]} 1. d4 Nf6 2. c4 e6 3. Nf3 d5 4. Nc3 c6 5. e3 Nbd7 6. Bd3 b6 7. O-O {D46: Semi-Slav: 5 e3 Nbd7 6 Bd3, Black avoids the Meran} Bb7 8. b3 (8. e4 dxe4 9. Nxe4 Be7 10. Bf4 O-O 11. Nxf6+ Nxf6 12. Qe2 c5 13. Rad1 Bxf3 14. Qxf3 cxd4 15. Be5 Bc5 16. Bc2 Qe7 17. b4 Bd6 18. Bxf6 Qxf6 19. Qxf6 gxf6 20. a3 {0-1 (42) Matlakov,M (2682)-Miton,K (2612) Tallinn 2016}) 8... Bb4 {White must now prevent ...dxc4.} 9. Bb2 {White has an edge.} O-O 10. a3 $146 ({Predecessor:} 10. Qe2 Rc8 11. Rac1 Re8 12. Rfd1 Qe7 13. h3 Ba3 14. Bxa3 Qxa3 {0-1 (55) Petzold,G (2267)-Kroeze,F (2396) Germany 2017}) 10... dxc4 {[#]} (10... Bd6 $11) 11. Bxc4 ({White should play} 11. Bxh7+ $1 $14 {[%mdl 512]} Nxh7 12. axb4) 11... Bxc3 $11 12. Bxc3 Qc7 13. Rc1 c5 14. dxc5 bxc5 15. h3 Rfd8 16. Qe2 Nb6 17. Ba6 Ne4 18. Bxb7 Qxb7 19. Ba1 f6 {The position is equal.} 20. Rfd1 Rd5 21. Nd2 Nxd2 22. Rxd2 Rad8 23. Rxd5 Qxd5 24. Qc2 Qd2 {[#] And now ...Qxc2 would win.} 25. Bc3 ({But not} 25. Qxc5 Rc8 $17) 25... Qxc2 26. Rxc2 Rd3 27. Ba5 Rxb3 {next ...Na4 is good for Black.} 28. Rxc5 Rxa3 29. Bxb6 axb6 30. Rc6 e5 {Accuracy: White = 51%, Black = 39%.} 1/2-1/2

[Event "WJCC U20 Open 2019"]
[Site "New Delhi"]
[Date "2019.10.21"]
[Round "7.3"]
[White "Khanin, Semen"]
[Black "Praggnanandhaa R"]
[Result "1/2-1/2"]
[WhiteElo "2507"]
[BlackElo "2567"]
[Annotator "ChessBase"]
[PlyCount "81"]
[EventDate "2019.10.15"]
[EventType "swiss"]
[EventCountry "IND"]
[SourceTitle "playchess.com"]
[Source "ChessBase"]
[SourceQuality "1"]
[TimeControl "40/5400+30:1800+30"]

1. e4 {[%emt 0:00:00]} c5 {[%emt 0:00:09]} 2. Nf3 {[%emt 0:00:00]} Nc6 {[%emt 0:00:05]} 3. Bb5 {[%emt 0:00:00]} g6 {[%emt 0:00:04]} 4. O-O {[%emt 0:00:00]} Bg7 {[%emt 0:00:03]} 5. c3 {[%emt 0:00:00]} Nf6 {[%emt 0:01:25]} 6. Re1 {[%emt 0:00:00]} O-O {[%emt 0:02:07]} 7. d4 {[%emt 0:00:00]} d5 {[%emt 0:04:13]} 8. e5 {[%emt 0:00:04]} Ne4 {[%emt 0:06:44]} 9. Bxc6 {[%emt 0:00:23]} bxc6 {[%emt 0:00:11]} 10. Be3 {[%emt 0:00:09]} cxd4 {[%emt 0:21:08]} 11. Nxd4 {[%emt 0:06:36]} Qc7 {[%emt 0:07:05]} 12. f3 {[%emt 0:02:54]} Nc5 {[%emt 0:02:29]} 13. b4 {[%emt 0:04:02]} Nd7 {[%emt 0:08:12]} 14. f4 {[%emt 0:01:40]} a5 {[%emt 0:04:49]} 15. a4 {[%emt 0:14:08]} c5 {[%emt 0:05:11]} 16. bxc5 {[%emt 0:02:42]} Nxc5 {[%emt 0:01:18]} 17. Nb5 {[%emt 0:00:04]} Qc6 {[%emt 0:00:24]} 18. Bxc5 {[%emt 0:03:01]} Qxc5+ {[%emt 0:00:15]} 19. Qd4 {[%emt 0:00:05]} Qc6 {[%emt 0:06:42]} 20. Nd2 {[%emt 0:02:22]} Ba6 {[%emt 0:01:46]} 21. Rab1 {[%emt 0:25:02]} e6 {[%emt 0:11:16]} 22. c4 {[%emt 0:05:44]} Rfc8 {[%emt 0:01:16]} 23. cxd5 {[%emt 0:02:33]} Qxd5 {[%emt 0:03:02]} 24. Qxd5 {[%emt 0:00:48]} exd5 {[%emt 0:00:02]} 25. Nd6 {[%emt 0:01:00]} Rc3 {[%emt 0:04:01]} 26. Rbc1 {[%emt 0:12:41]} Rxc1 {[%emt 0:01:36]} 27. Rxc1 {[%emt 0:00:05]} g5 {[%emt 0:00:14]} 28. Rc5 {[%emt 0:01:44]} gxf4 {[%emt 0:01:51]} 29. Rxd5 {[%emt 0:00:05]} Be2 {[%emt 0:01:05]} 30. N2e4 {[%emt 0:02:20]} h6 {[%emt 0:03:29]} 31. Kf2 {[%emt 0:02:46]} Bg4 {[%emt 0:00:06]} 32. Nf6+ {[%emt 0:02:16]} Bxf6 {[%emt 0:00:06]} 33. exf6 {[%emt 0:00:02]} Rb8 {[%emt 0:01:54]} 34. Rb5 {[%emt 0:07:46]} Rd8 {[%emt 0:00:13]} 35. Rb6 {[%emt 0:00:09]} Bd1 {[%emt 0:01:00]} 36. Ra6 {[%emt 0:00:49]} Bxa4 {[%emt 0:00:39]} 37. Kf3 {[%emt 0:01:13]} Bb3 {[%emt 0:00:40]} 38. Kxf4 {[%emt 0:01:29]} Kh7 {[%emt 0:00:15]} 39. Nb7 {[%emt 0:00:57]} Rd2 {[%emt 0:01:12]} 40. Nxa5 {[%emt 0:00:16]} Be6 {[%emt 0:00:28]} 41. Nc6 {[%emt 0:31:59]} 1/2-1/2

[Event "WJCC U20 Open 2019"]
[Site "New Delhi"]
[Date "2019.10.21"]
[Round "7.4"]
[White "Haria, Ravi"]
[Black "Santos Ruiz, Miguel"]
[Result "0-1"]
[WhiteElo "2463"]
[BlackElo "2560"]
[Annotator "ChessBase"]
[PlyCount "58"]
[EventDate "2019.10.15"]
[EventType "swiss"]
[EventCountry "IND"]
[SourceTitle "playchess.com"]
[Source "ChessBase"]
[SourceQuality "1"]
[TimeControl "40/5400+30:1800+30"]

1. e4 {[%emt 0:01:31]} c5 {[%emt 0:00:00]} 2. Nf3 {[%emt 0:00:15]} Nc6 {[%emt 0:00:00]} 3. Bb5 {[%emt 0:01:17]} g6 {[%emt 0:00:40]} 4. O-O {[%emt 0:00:21]} Bg7 {[%emt 0:00:07]} 5. c3 {[%emt 0:02:49]} e5 {[%emt 0:00:34]} 6. d4 {[%emt 0:01:45]} cxd4 {[%emt 0:01:03]} 7. cxd4 {[%emt 0:00:07]} exd4 {[%emt 0:00:03]} 8. Bf4 {[%emt 0:03:43]} a6 {[%emt 0:00:20]} 9. Bc4 {[%emt 0:04:51]} d6 {[%emt 0:01:08]} 10. Nbd2 {[%emt 0:06:25]} Nf6 {[%emt 0:10:41]} 11. Re1 {[%emt 0:24:47]} O-O {[%emt 0:01:36]} 12. Bb3 {[%emt 0:13:16]} h6 {[%emt 0:32:37]} 13. h3 {[%emt 0:11:19]} Re8 {[%emt 0:01:50]} 14. Rc1 {[%emt 0:02:03]} d5 {[%emt 0:10:18]} 15. exd5 {[%emt 0:09:53]} Rxe1+ {[%emt 0:00:17]} 16. Qxe1 {[%emt 0:00:34]} Nxd5 {[%emt 0:03:33]} 17. Bxd5 {[%emt 0:02:28]} Qxd5 {[%emt 0:00:03]} 18. Qe8+ {[%emt 0:00:19]} Kh7 {[%emt 0:00:09]} 19. Ne4 {[%emt 0:01:42]} Bxh3 {[%emt 0:09:29]} 20. Qxa8 {[%emt 0:00:41]} Qxe4 {[%emt 0:00:32]} 21. Qxb7 {[%emt 0:01:56]} Qxf4 {[%emt 0:01:18]} 22. Qxc6 {[%emt 0:00:08]} Be6 {[%emt 0:03:23]} 23. b3 {[%emt 0:04:26]} Bd5 {[%emt 0:02:01]} 24. Qc7 {[%emt 0:00:35]} Qg4 {[%emt 0:01:38]} 25. Qg3 {[%emt 0:00:44]} Qf5 {[%emt 0:00:10]} 26. Nh4 {[%emt 0:03:36]} Qe4 {[%emt 0:03:58]} 27. Nf3 {[%emt 0:00:23]} d3 {[%emt 0:04:34]} 28. Re1 {[%emt 0:00:19]} Qxe1+ {[%emt 0:00:06]} 29. Nxe1 {[%emt 0:00:10]} d2 {[%emt 0:00:02]} 0-1